00242nam a2200109Ia 4500008004100000100001500041245003000056260001500086300000900101942000700110999001500117190216s9999||||xx |||||||||||||| ||und|| aMajumdar M 0aCommercial Correspondence bNullc1971 a336p cBK c3962d3962